书目信息 |
| 题名: |
档案馆信息化建设探论
|
|
| 作者: | 马长林 , 宗培岭 著 | |
| 分册: | ||
| 出版信息: | 上海 上海社会科学院出版社 2006.03 |
|
| 页数: | 242页 | |
| 开本: | 20cm | |
| 丛书名: | ||
| 单 册: | ||
| 中图分类: | G270.7 | |
| 科图分类: | ||
| 主题词: | 档案学 , 档案工作 | |
| 电子资源: | ||
| ISBN: | 978-7-80681-838-1 | |
| 000 | 00658nam0 2200217 450 | |
| 001 | 1929612802 | |
| 005 | 20191122081433.68 | |
| 010 | @a978-7-80681-838-1@dCNY18.00 | |
| 100 | @a20191122d2006 km y0chiy0120 ea | |
| 101 | 0 | @achi |
| 102 | @aCN | |
| 200 | 1 | @a档案馆信息化建设探论@Adang an guan xin xi hua jian she tan lun@f马长林, 宗培岭等著@Fma chang lin,zong pei ling deng zhu |
| 210 | @a上海@c上海社会科学院出版社@d2006.03 | |
| 215 | @a242页@d20cm | |
| 606 | 0 | @a档案学 |
| 606 | 0 | @a档案工作 |
| 690 | @aG270.7@v4 | |
| 701 | 0 | @a马长林@Ama chang lin@4著 |
| 701 | 0 | @a宗培岭@Azong pei ling@4著 |
| 801 | 0 | @aCN@bMUSE@c20191122 |
| 905 | @aMUSE@dG270.7@eM024 | |
| 档案馆信息化建设探论/马长林, 宗培岭等著.-上海:上海社会科学院出版社,2006.03 |
| 242页;20cm |
| ISBN 978-7-80681-838-1:CNY18.00 |
| ● |
| 相关链接 |
|
|
|
正题名:档案馆信息化建设探论
索取号:G270.7/M024
 
预约/预借
| 序号 | 登录号 | 条形码 | 馆藏地/架位号 | 状态 | 备注 |
| 1 | 1452615 | 214526155 | 社科库409/409社科库 60排3列1层/ [索取号:G270.7/M024] | 在馆 |